Rodents - Statistics

General Stats
  • This quiz has been taken 481 times
  • The average score is 10 of 14
Answer Stats
Hint Answer % Correct
Smaller than above, comes in many species, such as house, field, and harvest. mouse
98%
Sometimes inhabits buildings and sewers; Black and Norway species are most abundant rat
98%
Bushy-tailed; nut-storing tree dweller squirrel
98%
A large aquatic rodent that builds dams beaver
90%
Kept as a pet; has a short tail and cheek pouches hamster
89%
No tail; kept as a pet; name misleading since it's not related to hogs guinea pig
83%
Has quills porcupine
79%
Largest rodent capybara
75%
Related to a squirrel and has stripes chipmunk
73%
Native to the great plains of US; burrows in the ground; name misleading since it's not a canine prairie dog
71%
Very soft South American rodent with thick fur, large ears, and bushy tail chinchilla
60%
A hairless, blind rodent found in Africa Naked mole rat
60%
Another pet; has a long furry tail; originates in Mongolia; has scent gland on belly gerbil
54%
Largest members of the squirrel family; an endangered species is the Vancouver one. marmot
19%
No matching quizzes found
Score Distribution
Percent of People with Each Score
Percentile by Number Answered
Your Score History
You have not taken this quiz